Elections in India : A study of the eleventh assembly elections in Orissa, 1995 (Record no. 13426)

MARC details
000 -LEADER
fixed length control field 00538nam a2200169Ia 4500
082 ## - DEWEY DECIMAL CLASSIFICATION NUMBER
Classification number RR.0230
100 ## - MAIN ENTRY--AUTHOR NAME
Personal name Rath, Sharada
245 #0 - TITLE STATEMENT
Title Elections in India : A study of the eleventh assembly elections in Orissa, 1995
260 ## - PUBLICATION, DISTRIBUTION, ETC. (IMPRINT)
Year of publication 1996
Name of publisher Indian Council of Social Science Research, New Delhi
300 ## - PHYSICAL DESCRIPTION
Number of Pages 95p.
504 ## - BIBLIOGRAPHY, ETC. NOTE
Bibliography, etc Appendix at the end.
650 ## - SUBJECT ADDED ENTRY--TOPICAL TERM
Topical Term ELECTIONS - INDIA
650 ## - SUBJECT ADDED ENTRY--TOPICAL TERM
Topical Term ELECTIONS - ORISSA - 1995
650 ## - SUBJECT ADDED ENTRY--TOPICAL TERM
Topical Term ORISSA
710 ## - ADDED ENTRY--CORPORATE NAME
Corporate name or jurisdiction name as entry element Institute of Public Policy Studies and Research, Bhubaneswar
942 ## - ADDED ENTRY ELEMENTS (KOHA)
Koha item type Research Reports
Source of classification or shelving scheme Dewey Decimal Classification
Holdings
Withdrawn status Lost status Damaged status Not for loan Collection code Home library Current library Date acquired Bill Date Full call number Accession Number Price effective from Koha item type
        Major Research Project Reports NASSDOC Library NASSDOC Library 08/10/2004 2004-10-05 RR.0230 38105 18/04/2019 Research Reports